| 000 | 01884nam a2200133Ia 4500 | ||
|---|---|---|---|
| 008 | 220615s9999||||xx |||||||||||||| ||und|| | ||
| 020 | _a9783040000000 | ||
| 245 | 0 | _aNew Frontiers in Cementitious and Lime-Based Materials and Composites | |
| 546 | _aEnglish[eng] | ||
| 650 | _adurability||hardened properties||green composite||fresh properties||recycled concrete aggregates||natural coarse aggregates||enzyme-induced calcite precipitation||microbial-induced calcite precipitation||geotechnical engineering||geoenvironmental engineering||precast concrete wall||interfacial bonding strength||joint concrete||interface processing||washed rough surface||roughness||storage time||cement mortar||End-of-Life Tyre||waste||surface treatment||compressive strength||flexural strength||workability||fly ash||freezing shaft sinking||shaft lining structure||uneven pressure||hybrid fiber-reinforced concrete||crack||autogenous self-healing||curing conditions||supplementary cementitious materials (SCMs)||GRC-PC||integrated wall panels||composite method||shrinkage properties||dissipation energy density||high-strength concrete||Weibull distribution||damage mechanics||constitutive model||repeated impact||ACI 544-2R||high temperatures||fire||residual strength||lime-cement mortar||air-entrained agent||heritage conservation||reconstruction and restoration of historical buildings||properties||mechanical||electrical resistivity||ecofriendly ternary concrete||SCBA||SF||coastal cemented soil||nano silica||iron tailings||mechanical properties||microscopic mechanism||granite dust||stabilizer||particle size||plasticity||unconfined compression strength||cement||lime||sustainable materials||fibre-reinforced composite||recycled aggregates | ||
| 700 | _aSignorini, Cesare||Sola, Antonella||Chakraborty, Sumit||Volpini, Valentina | ||
| 856 | _uhttps://mdpi.com/books/pdfview/book/5212 | ||
| 942 | _cEB | ||
| 999 |
_c17630 _d17630 |
||